Bandes Dessinées sans voyelles #1 - Statistiques

Statistiques générales
  • Ce quiz a été pris 92 fois
  • Le résultat moyen est 15 sur 20
Statistiques - réponses
Indices Réponses % Correct
TNTN Tintin
100%
LS PRFS Les Profs
98%
BL T BLL Boule et Bill
95%
L'GNT 212 L'Agent 212
95%
LS SCHTRMPFS Les Schtroumpfs
95%
MRSPLM Marsupilami
94%
TTF Titeuf
93%
KD PDDL Kid Paddle
88%
L PTT SPR Le Petit Spirou
88%
STRX Astérix
83%
LS LGNDRS Les Légendaires
83%
BCSSN Bécassine
76%
LS NFNTS D L RSSTNC Les Enfants de la Résistance
70%
LRG WNCH Largo Winch
66%
LS TNQS BLS Les Tuniques Bleues
66%
CHLL TLN Achille Talon
51%
THRGL Thorgal
48%
ZNGD Iznogoud
38%
MRTLL DL Mortelle Adèle
33%
QCK T FLPK Quick et Flupke
25%
Aucun quiz correspondant
Distribution des résultats
% des personnes avec chaque résultat
Percentile par nombre de réponses
Votre historique - résultats
Vous n’avez pas pris ce quiz